00572nam a2200133 a 450000100100000000500170001000800410002704000250006824500970009326001060019030000200029695201050031699900170042100003894820201002031431.0130507s1999 dr 000 0 spa d aDO-SdBNPbspacBNPHU00aPanel sobre los procesos de reforma de las administraciones triburarias en América Latina. aSanto Domingo :bSecretaría de Estado de FinanzasbDirección General de Impuesto Internos,c1999. a97 p. ;c22 cm. 0010718PDaPDbPDcCTd2013-05-07iLF1l0o p38948-10r2020-06-25w2020-06-25yLFPDZNo se presta c38438d38438